000 00550nam a2200181 i 4500
001 bg
100 1 _aADAMOWICZ, Aleksander
245 0 _aUnifikacja organizacji projektowania systemów informatycznych /
_cAleksander Adamowicz, Stanisław Dąbrowa, Stanisław Szklarzewicz.
260 _aWarszawa,
_c1987.
650 9 _aSystemy informatyczne
700 1 _aDĄBROWA, Stanisław
700 1 _aSZKLARZEWICZ, Stanisław
040 _cBPK
041 _apol
080 _a65.012.4:681.324
942 _cKS
008 s pl f |000 0 pol
999 _c3308
_d3308
856 _uhttp://koha.tu.koszalin.pl/cgi-bin/koha/opac-detail.pl?biblionumber=3308
_yKatalog online BPK